[Event "Bundesliga 2324"]
[Site "Germany"]
[Date "2023.12.02"]
[Round "3.8"]
[White "Zelbel, Patrick"]
[Black "Jovanovic, Zoran"]
[Result "0-1"]
[WhiteElo "2471"]
[BlackElo "2513"]
[PlyCount "76"]
[EventDate "2023.10.21"]
[EventType "team-tourn"]
[EventRounds "15"]
[EventCountry "GER"]
[SourceTitle "CB49_2023"]
[SourceDate "2023.12.06"]
[SourceVersion "1"]
[SourceVersionDate "2023.12.06"]
[SourceQuality "1"]
[WhiteTeam "Muelheim Nord"]
[BlackTeam "Kirchweyhe"]
[WhiteTeamCountry "GER"]
[BlackTeamCountry "GER"]

1. e4 d6 2. d4 Nf6 3. Nc3 e5 4. Nf3 Nbd7 5. Rg1 c6 6. g4 h6 7. Be3 Be7 8. a3 Nf8 9. dxe5 Nxg4 10. Bf4 dxe5 11. Nxe5 Qxd1+ 12. Nxd1 Bd6 13. Nxf7 Bxf4 14. Nxh8 g5 15. Be2 Ne5 16. Ne3 Ke7 17. Nf5+ Kf6 18. Bh5 Be6 19. Nxh6 Nfd7 20. N8f7 Nxf7 21. Bxf7 Bxf7 22. Nxf7 Kxf7 23. Ke2 Rh8 24. Rg2 Ne5 25. a4 Rh3 26. Ra3 Rh7 27. h3 Ke6 28. Rg1 Nc4 29. Rb3 Nd6 30. Re1 Rh4 31. Kf1 Be5 32. Kg2 b6 33. f3 Nc4 34. Rb4 Na5 35. Rd1 Rh8 36. c3 c5 37. Rb5 Rb8 38. b4 Nc4 0-1

[Event "GER-ch Rapid 49th"]
[Site "Dinkelsbuehl"]
[Date "2023.11.11"]
[Round "1"]
[White "Reichmann, Hendrik"]
[Black "Zelbel, Patrick"]
[Result "1/2-1/2"]
[WhiteElo "2303"]
[BlackElo "2478"]
[PlyCount "66"]
[EventDate "2023.11.11"]
[EventType "swiss (rapid)"]
[EventRounds "9"]
[EventCountry "GER"]
[SourceTitle "CB46_2023"]
[SourceDate "2023.11.15"]
[SourceVersion "1"]
[SourceVersionDate "2023.11.15"]
[SourceQuality "1"]

1. d4 Nf6 2. Nf3 g6 3. Bf4 Bg7 4. e3 d6 5. h3 0-0 6. Be2 Nc6 7. c3 Ne4 8. 0-0 e5 9. Bh2 f5 10. Nbd2 Nxd2 11. Nxd2 Qe7 12. Kh1 Kh8 13. dxe5 dxe5 14. e4 Rd8 15. Qc2 f4 16. b4 Be6 17. Nb3 b6 18. Rad1 Rxd1 19. Rxd1 a5 20. b5 Nd8 21. c4 Nb7 22. f3 Qh4 23. Bf1 Bf8 24. Bg1 Bd6 25. Qc3 Re8 26. c5 Bxb3 27. cxd6 Bxd1 28. d7 Re6 29. Qxc7 Nd8 30. Bc4 Qe7 31. Bxe6 Nxe6 32. Qc8+ Kg7 33. Bxb6 Qb4 1/2-1/2

[Event "GER-ch Rapid 49th"]
[Site "Dinkelsbuehl"]
[Date "2023.11.11"]
[Round "5"]
[White "Yelisieiev, Yevhenii"]
[Black "Zelbel, Patrick"]
[Result "0-1"]
[WhiteElo "2420"]
[BlackElo "2478"]
[PlyCount "62"]
[EventDate "2023.11.11"]
[EventType "swiss (rapid)"]
[EventRounds "9"]
[EventCountry "GER"]
[SourceTitle "CB46_2023"]
[SourceDate "2023.11.15"]
[SourceVersion "1"]
[SourceVersionDate "2023.11.15"]
[SourceQuality "1"]

1. d4 Nf6 2. Nf3 g6 3. g3 Bg7 4. Bg2 0-0 5. 0-0 d6 6. b3 e5 7. dxe5 dxe5 8. Ba3 e4 9. Bxf8 Qxf8 10. Nd4 e3 11. f4 Nc6 12. Nxc6 bxc6 13. Nc3 Bf5 14. Qe1 h5 15. Rd1 Qc5 16. Na4 Qxc2 17. Rc1 Qxa2 18. Rxc6 Rd8 19. Rxc7 Rd2 20. Bf3 a5 21. Qc1 Ng4 22. Qc4 Be6 23. Qb5 Bxb3 24. Nc5 Bc4 25. Qe8+ Kh7 26. Ne4 Kh6 27. h3 Rxe2 28. hxg4 hxg4 29. Rxc4 gxf3 30. Rxf3 Rg2+ 31. Kf1 Qe2# 0-1

[Event "Titled Tuesday intern op 08th Aug Early"]
[Site "Chess.com INT"]
[Date "2023.08.08"]
[Round "10"]
[White "Zelbel, Patrick"]
[Black "Kazakouski, Valery"]
[Result "0-1"]
[WhiteElo "2466"]
[BlackElo "2558"]
[PlyCount "130"]
[EventDate "2023.08.08"]
[EventType "swiss (blitz)"]
[EventRounds "11"]
[EventCountry "USA"]
[SourceTitle "EXT 2024"]
[Source "ChessBase"]
[SourceDate "2023.10.10"]
[SourceVersion "1"]
[SourceVersionDate "2023.10.10"]
[SourceQuality "1"]

1. e4 c5 2. Nf3 a6 3. b4 cxb4 4. a3 b5 5. axb4 Bb7 6. Bd3 e6 7. c3 Nf6 8. Qe2 d5 9. e5 Nfd7 10. 0-0 Nc6 11. Re1 g5 12. h3 Bg7 13. Bc2 Ncxe5 14. d4 Nxf3+ 15. Qxf3 h6 16. Nd2 0-0 17. Nb3 Rc8 18. Qd3 Re8 19. Nc5 Nxc5 20. bxc5 Rc6 21. f4 f5 22. Qg3 Qc7 23. Bxf5 b4 24. Qd3 gxf4 25. Bh7+ Kh8 26. Bg6 Rf8 27. cxb4 e5 28. dxe5 f3 29. Ra2 Rg8 30. Bh7 Re8 31. gxf3 Rxe5 32. Rxe5 Qxe5 33. Re2 Qg3+ 34. Rg2 Qe1+ 35. Kh2 Re6 36. Qf5 Bc8 37. Bxh6 Qe5+ 38. Qxe5 Bxe5+ 39. f4 Kxh7 40. fxe5 Kxh6 41. Rg8 Bb7 42. Rb8 Bc6 43. Rb6 Kg6 44. Rxa6 Kf5 45. h4 d4 46. Kg3 d3 47. Ra3 Bb5 48. Ra2 Kxe5 49. h5 Kd4 50. Rh2 Kc3 51. h6 Re8 52. h7 Rh8 53. Kf4 d2 54. Rh1 Kc2 55. Ke3 d1Q 56. Rxd1 Kxd1 57. Kd4 Rxh7 58. Kc3 Rd7 59. Kb2 Rd2+ 60. Ka3 Rd3+ 61. Ka2 Kd2 62. Ka1 Kc3 63. Ka2 Kxb4 64. Ka1 Kb3 65. c6 Rd1# 0-1

[Event "Titled Tuesday intern op 18th Jul Late"]
[Site "Chess.com INT"]
[Date "2023.07.18"]
[Round "9"]
[White "Leenhouts, Koen"]
[Black "Zelbel, Patrick"]
[Result "0-1"]
[WhiteElo "2446"]
[BlackElo "2466"]
[PlyCount "86"]
[EventDate "2023.07.18"]
[EventType "swiss (blitz)"]
[EventRounds "11"]
[EventCountry "USA"]
[SourceTitle "EXT 2024"]
[Source "ChessBase"]
[SourceDate "2023.10.10"]
[SourceVersion "1"]
[SourceVersionDate "2023.10.10"]
[SourceQuality "1"]

1. d4 Nf6 2. c4 c5 3. d5 b5 4. cxb5 a6 5. bxa6 e6 6. Nc3 exd5 7. Nxd5 Be7 8. Nf3 0-0 9. e3 Nxa6 10. Bc4 Nxd5 11. Bxd5 Rb8 12. 0-0 Nb4 13. e4 Nxd5 14. exd5 Bf6 15. d6 Rb6 16. Be3 Bb7 17. Bxc5 Rxb2 18. Rb1 Rxb1 19. Qxb1 Qa8 20. Qf5 Bc6 21. Ng5 Bxg5 22. Qxg5 Qxa2 23. Re1 h6 24. Qe3 Ra8 25. h4 Ra4 26. Qg3 Qd5 27. Be3 Rxh4 28. Rb1 Kh7 29. f3 Ra4 30. Re1 Qd3 31. Bf2 Ra5 32. Qf4 Rh5 33. Qxf7 Rf5 34. Qe7 Rg5 35. Qe3 Qg6 36. g3 Rf5 37. f4 Qh5 38. Kf1 Bb5+ 39. Kg1 Bc6 40. Kf1 Ra5 41. Qd3+ Kh8 42. Qc3 Ra2 43. Bg1 Qh3# 0-1

[Event "Titled Tuesday intern op 18th Jul Late"]
[Site "Chess.com INT"]
[Date "2023.07.18"]
[Round "2"]
[White "Martinez Reyes, Pedro Ramon"]
[Black "Zelbel, Patrick"]
[Result "0-1"]
[WhiteElo "2383"]
[BlackElo "2466"]
[PlyCount "68"]
[EventDate "2023.07.18"]
[EventType "swiss (blitz)"]
[EventRounds "11"]
[EventCountry "USA"]
[SourceTitle "EXT 2024"]
[Source "ChessBase"]
[SourceDate "2023.10.10"]
[SourceVersion "1"]
[SourceVersionDate "2023.10.10"]
[SourceQuality "1"]

1. e4 d5 2. exd5 Qxd5 3. Nc3 Qa5 4. Nf3 Nf6 5. g3 c6 6. Bg2 e5 7. 0-0 Bg4 8. h3 Bxf3 9. Qxf3 Bc5 10. Ne4 Nxe4 11. Qxe4 0-0 12. b4 Bxb4 13. Rb1 Na6 14. c3 Bd6 15. d4 Rab8 16. Be3 Rfe8 17. Qd3 exd4 18. cxd4 Nb4 19. Qc4 Nd5 20. Bc1 a6 21. Kh2 Re7 22. Bg5 Ree8 23. Bc1 h6 24. h4 Re7 25. Bb2 Rbe8 26. Bf3 Qd8 27. Kg2 Bb8 28. Bc1 Qd6 29. Bxd5 cxd5 30. Qd3 Qe6 31. Be3 b5 32. a4 bxa4 33. Ra1 Qd7 34. Qxa6 Qg4 0-1

[Event "Titled Tuesday intern op 18th Jul Late"]
[Site "Chess.com INT"]
[Date "2023.07.18"]
[Round "1"]
[White "Zelbel, Patrick"]
[Black "Glavina, Pablo"]
[Result "1-0"]
[WhiteElo "2466"]
[BlackElo "2415"]
[PlyCount "49"]
[EventDate "2023.07.18"]
[EventType "swiss (blitz)"]
[EventRounds "11"]
[EventCountry "USA"]
[SourceTitle "EXT 2024"]
[Source "ChessBase"]
[SourceDate "2023.10.10"]
[SourceVersion "1"]
[SourceVersionDate "2023.10.10"]
[SourceQuality "1"]

1. e4 c6 2. d3 d5 3. Nd2 e5 4. Ngf3 Bd6 5. d4 exd4 6. e5 Bc7 7. Nb3 Bg4 8. Qxd4 Bxf3 9. gxf3 Ne7 10. Bd2 Nd7 11. f4 Nf5 12. Qc3 Qh4 13. Bh3 Qh5 14. Bxf5 Qxf5 15. 0-0-0 Bb6 16. Rhg1 g6 17. e6 Nf6 18. Rg5 d4 19. Qc4 Qh3 20. exf7+ Kf8 21. Bb4+ Kg7 22. Nxd4 Nd5 23. Nf5+ Kf6 24. Bc3+ Nxc3 25. Rd6# 1-0

[Event "Titled Tuesday intern op 18th Jul Late"]
[Site "Chess.com INT"]
[Date "2023.07.18"]
[Round "11"]
[White "Zelbel, Patrick"]
[Black "Karaoglan, Doruk"]
[Result "1-0"]
[WhiteElo "2466"]
[BlackElo "2247"]
[PlyCount "69"]
[EventDate "2023.07.18"]
[EventType "swiss (blitz)"]
[EventRounds "11"]
[EventCountry "USA"]
[SourceTitle "EXT 2024"]
[Source "ChessBase"]
[SourceDate "2023.10.10"]
[SourceVersion "1"]
[SourceVersionDate "2023.10.10"]
[SourceQuality "1"]

1. e4 c5 2. b4 cxb4 3. a3 bxa3 4. d4 g6 5. Nf3 Bg7 6. Rxa3 d6 7. Bb5+ Bd7 8. Bd3 Nf6 9. 0-0 0-0 10. Re1 Bg4 11. Nbd2 Nc6 12. h3 Bxf3 13. Nxf3 Nd7 14. c3 e5 15. Be3 exd4 16. cxd4 Re8 17. Qb1 Nb6 18. Rc1 d5 19. e5 f6 20. exf6 Bxf6 21. Bxg6 hxg6 22. Qxg6+ Bg7 23. Ng5 Qf6 24. Qh7+ Kf8 25. Qh5 Kg8 26. Qh7+ Kf8 27. Qh5 Kg8 28. Rxc6 bxc6 29. Qh7+ Kf8 30. Qh5 Kg8 31. Qh7+ Kf8 32. Bd2 Re7 33. Rf3 Qxf3 34. Nxf3 Ke8 35. Bb4 1-0

[Event "Titled Tuesday intern op 18th Jul Late"]
[Site "Chess.com INT"]
[Date "2023.07.18"]
[Round "3"]
[White "Zelbel, Patrick"]
[Black "Musovic, Armin"]
[Result "0-1"]
[WhiteElo "2466"]
[BlackElo "2265"]
[PlyCount "142"]
[EventDate "2023.07.18"]
[EventType "swiss (blitz)"]
[EventRounds "11"]
[EventCountry "USA"]
[SourceTitle "EXT 2024"]
[Source "ChessBase"]
[SourceDate "2023.10.10"]
[SourceVersion "1"]
[SourceVersionDate "2023.10.10"]
[SourceQuality "1"]

1. e4 c6 2. Nf3 d5 3. d3 dxe4 4. dxe4 Qxd1+ 5. Kxd1 g6 6. a4 a5 7. Be3 Bg7 8. c3 Nd7 9. Kc2 Ngf6 10. Nbd2 Ng4 11. Bf4 Nxf2 12. Rg1 Ng4 13. h3 e5 14. Bg3 Ne3+ 15. Kd3 Nxf1 16. Rgxf1 f6 17. Nc4 Ke7 18. Bf2 Rd8 19. Kc2 c5 20. Rad1 b6 21. Nxb6 Ba6 22. Rxd7+ Rxd7 23. Bxc5+ Ke8 24. Re1 Bd3+ 25. Kc1 Bh6+ 26. Be3 Bxe3+ 27. Rxe3 Rad8 28. Nxd7 Rxd7 29. Ne1 Ba6 30. b3 Ke7 31. c4 Ke6 32. Rd3 Rc7 33. Kd2 f5 34. Ke3 Bb7 35. exf5+ gxf5 36. Rd8 f4+ 37. Ke2 Rg7 38. Kf2 e4 39. Rf8 Ke5 40. c5 Bd5 41. Rd8 e3+ 42. Ke2 Bxb3 43. Nd3+ Ke4 44. Re8+ Kd4 45. Nxf4 Bc4+ 46. Kf3 e2 47. Nxe2+ Kxc5 48. Nf4 Rb7 49. Re5+ Kd4 50. Re4+ Kc5 51. g4 Rb3+ 52. Kg2 Ra3 53. h4 Rxa4 54. g5 Ra2+ 55. Kg3 a4 56. h5 Ra1 57. g6 hxg6 58. hxg6 Rg1+ 59. Ng2 a3 60. g7 Bd5 61. Re5 Rxg2+ 62. Kf4 Rxg7 63. Kf5 Rf7+ 64. Kg5 Rf2 65. Re3 a2 66. Ra3 Rb2 67. Ra7 Rb1 68. Kg4 a1Q 69. Ra3 Qxa3 70. Kf5 Qf3+ 71. Ke5 Re1# 0-1

[Event "Bundesliga 2223"]
[Site "Germany"]
[Date "2023.04.01"]
[Round "12.6"]
[White "Moussard, Jules"]
[Black "Zelbel, Patrick"]
[Result "1-0"]
[WhiteElo "2686"]
[BlackElo "2456"]
[PlyCount "81"]
[EventDate "2022.10.21"]
[EventType "team-tourn"]
[EventRounds "15"]
[EventCountry "GER"]
[SourceTitle "CBM 213 Extra"]
[Source "ChessBase"]
[SourceDate "2023.05.31"]
[SourceVersion "1"]
[SourceVersionDate "2023.05.31"]
[SourceQuality "1"]
[WhiteTeam "Deizisau"]
[BlackTeam "Muelheim Nord"]
[WhiteTeamCountry "GER"]
[BlackTeamCountry "GER"]

1. e4 c5 2. Nf3 d6 3. d4 cxd4 4. Nxd4 Nf6 5. Nc3 g6 6. Be3 Bg7 7. f3 0-0 8. Qd2 Nc6 9. 0-0-0 d5 10. exd5 Nxd5 11. Nxc6 bxc6 12. Bd4 e5 13. Bc5 Re8 14. Ne4 Qc7 15. h4 f5 16. Nd6 Rd8 17. Nxc8 Raxc8 18. h5 Nb6 19. Bxb6 Rxd2 20. Bc4+ Kf8 21. Bxc7 Rxd1+ 22. Rxd1 Bh6+ 23. Kb1 Rxc7 24. hxg6 hxg6 25. Rd6 Kg7 26. Re6 Rd7 27. Bd3 Bf4 28. a4 Rd4 29. Rxc6 e4 30. fxe4 fxe4 31. Bb5 e3 32. Bd3 g5 33. a5 Kf7 34. Rc4 Rd5 35. b4 Kf6 36. Re4 Rd8 37. Ka2 Rh8 38. Kb3 Rh2 39. g4 Rg2 40. b5 Rg1 41. a6 1-0

[Event "AUT-chT2W 2223"]
[Site "Austria"]
[Date "2023.01.20"]
[Round "6.6"]
[White "Zelbel, Patrick"]
[Black "Michalik, Peter"]
[Result "1/2-1/2"]
[WhiteElo "2458"]
[BlackElo "2558"]
[PlyCount "70"]
[EventDate "2022.09.23"]
[EventType "team-tourn"]
[EventRounds "11"]
[EventCountry "AUT"]
[SourceTitle "CBM 213 Extra"]
[Source "ChessBase"]
[SourceDate "2023.05.31"]
[SourceVersion "1"]
[SourceVersionDate "2023.05.31"]
[SourceQuality "1"]
[WhiteTeam "Kufstein/Woergl"]
[BlackTeam "Mayrhofen/Zillertal"]
[WhiteTeamCountry "AUT"]
[BlackTeamCountry "AUT"]

1. e4 c5 2. c3 Qa5 3. g3 d6 4. Bg2 g6 5. Ne2 Bg7 6. 0-0 Nf6 7. d4 0-0 8. h3 Nbd7 9. Be3 Nb6 10. Nd2 cxd4 11. cxd4 Bd7 12. Nc3 Na4 13. Nxa4 Bxa4 14. Qb1 Rfc8 15. Rc1 Rc7 16. Rxc7 Qxc7 17. Qd3 a6 18. Qc4 Qxc4 19. Nxc4 Nd7 20. Rc1 Rc8 21. b3 Bb5 22. Bf1 Nf6 23. a4 Be8 24. Bg2 b5 25. axb5 Bxb5 26. e5 Ne8 27. f4 Bf8 28. Kf2 e6 29. d5 dxe5 30. dxe6 fxe6 31. Nxe5 Rxc1 32. Bxc1 Nf6 33. Be3 Nd7 34. Nxd7 Bxd7 35. Bf1 a5 1/2-1/2

[Event "Titled Tuesday intern op 04th Oct Early"]
[Site "Chess.com INT"]
[Date "2022.10.04"]
[Round "3"]
[White "Grunberg, Mihai Lucian"]
[Black "Zelbel, Patrick"]
[Result "0-1"]
[WhiteElo "2403"]
[BlackElo "2456"]
[PlyCount "108"]
[EventDate "2022.10.04"]
[EventType "swiss (blitz)"]
[EventRounds "11"]
[EventCountry "USA"]
[SourceTitle "EXT 2023"]
[Source "ChessBase"]
[SourceDate "2022.10.05"]
[SourceVersion "1"]
[SourceVersionDate "2022.10.05"]
[SourceQuality "1"]

1. Nf3 Nf6 2. c4 c6 3. g3 d5 4. Bg2 Bf5 5. 0-0 e6 6. d3 h6 7. cxd5 exd5 8. Nc3 Be7 9. Qb3 Qb6 10. Qc2 0-0 11. e4 Bh7 12. Be3 Qa5 13. a3 Na6 14. b4 Qd8 15. Rad1 Nc7 16. Qb3 Qc8 17. Ne5 Qe6 18. f4 Bd6 19. Bd4 dxe4 20. Qxe6 Nxe6 21. dxe4 Nxd4 22. Rxd4 Bxe5 23. fxe5 Ng4 24. Rd7 Rab8 25. Re7 Bg6 26. Bh3 Ne3 27. Rf3 Nc4 28. e6 f6 29. Bf5 Ne5 30. Rf1 Rfe8 31. Rxe8+ Rxe8 32. Rd1 Bh5 33. Rd6 Kf8 34. Kf2 Ke7 35. Rd4 g6 36. Bh3 Bg4 37. Bxg4 Nxg4+ 38. Ke2 Kxe6 39. Na4 b6 40. Nc3 Nxh2 41. b5 c5 42. Rd1 Ng4 43. Nd5 Kf7 44. Kf3 Rxe4 45. Nc3 Re3+ 46. Kxg4 Rxc3 47. Rd7+ Ke6 48. Rxa7 f5+ 49. Kh4 Rc4+ 50. Kh3 Rd4 51. Rb7 Rd6 52. a4 Kd5 53. Kh4 c4 54. Rc7 Kd4 0-1

[Event "Titled Tuesday intern op 04th Oct Early"]
[Site "Chess.com INT"]
[Date "2022.10.04"]
[Round "8"]
[White "Zelbel, Patrick"]
[Black "Guzman, Christopher"]
[Result "1-0"]
[WhiteElo "2456"]
[BlackElo "2250"]
[PlyCount "53"]
[EventDate "2022.10.04"]
[EventType "swiss (blitz)"]
[EventRounds "11"]
[EventCountry "USA"]
[SourceTitle "EXT 2023"]
[Source "ChessBase"]
[SourceDate "2022.10.05"]
[SourceVersion "1"]
[SourceVersionDate "2022.10.05"]
[SourceQuality "1"]

1. e4 c6 2. c4 d5 3. exd5 cxd5 4. cxd5 Qxd5 5. Nc3 Qd8 6. Nf3 Nf6 7. d4 e6 8. Bc4 Be7 9. 0-0 0-0 10. Qe2 a6 11. a3 b5 12. Ba2 Bb7 13. Bg5 Nbd7 14. Rad1 Nd5 15. Bxd5 Bxd5 16. Bxe7 Bxf3 17. Qxf3 Qxe7 18. d5 exd5 19. Nxd5 Qd6 20. Rfe1 Ne5 21. Qe4 Ng6 22. h4 f5 23. Qd4 Qd8 24. h5 Nh4 25. Ne7+ Kh8 26. Qxh4 Qc7 27. Ng6+ 1-0

[Event "Titled Tuesday intern op 27th Sep Early"]
[Site "Chess.com INT"]
[Date "2022.09.27"]
[Round "4"]
[White "Kollars, Dmitrij"]
[Black "Zelbel, Patrick"]
[Result "0-1"]
[WhiteElo "2627"]
[BlackElo "2458"]
[PlyCount "54"]
[EventDate "2022.09.27"]
[EventType "swiss (blitz)"]
[EventRounds "11"]
[EventCountry "USA"]
[SourceTitle "CBM 210 Extra"]
[Source "ChessBase"]
[SourceDate "2022.11.30"]
[SourceVersion "1"]
[SourceVersionDate "2022.11.30"]
[SourceQuality "1"]

1. Nf3 Nf6 2. g3 d5 3. Bg2 c6 4. 0-0 Bf5 5. d3 e6 6. c4 Bd6 7. Qb3 Qc7 8. Nc3 0-0 9. Be3 Nbd7 10. Rfc1 Qb8 11. cxd5 exd5 12. Bd4 Re8 13. Nh4 Be6 14. Qc2 Be5 15. Bxe5 Qxe5 16. e4 Qh5 17. Ne2 g5 18. Nf3 Bg4 19. Nfd4 dxe4 20. dxe4 c5 21. h3 Bxh3 22. Nb5 Ng4 23. Bf3 Nde5 24. Qc3 Re6 25. Rd1 Rf6 26. Bxg4 Bxg4 27. f4 Nf3+ 0-1

[Event "Titled Tuesday intern op 27th Sep Early"]
[Site "Chess.com INT"]
[Date "2022.09.27"]
[Round "5"]
[White "Zelbel, Patrick"]
[Black "Martinez Alcantara, Jose Eduardo"]
[Result "1-0"]
[WhiteElo "2458"]
[BlackElo "2591"]
[PlyCount "165"]
[EventDate "2022.09.27"]
[EventType "swiss (blitz)"]
[EventRounds "11"]
[EventCountry "USA"]
[SourceTitle "CBM 210 Extra"]
[Source "ChessBase"]
[SourceDate "2022.11.30"]
[SourceVersion "1"]
[SourceVersionDate "2022.11.30"]
[SourceQuality "1"]

1. e4 e5 2. f4 exf4 3. Nf3 d5 4. exd5 Nf6 5. Nc3 c6 6. dxc6 Nxc6 7. Bb5 Bd6 8. Qe2+ Be7 9. d3 Qd6 10. 0-0 0-0 11. Bxc6 bxc6 12. Bxf4 Qxf4 13. Qxe7 Be6 14. Rae1 Qb8 15. b3 Qb6+ 16. Kh1 Rfe8 17. Qd6 Rad8 18. Qg3 Qa5 19. Ne4 Nxe4 20. Rxe4 Qxa2 21. Nd4 Bd5 22. Nf5 g6 23. Ne7+ Rxe7 24. Rxe7 Qxc2 25. Rxa7 Qxb3 26. h4 Be6 27. Rf3 Qd5 28. Re3 Qf5 29. Re7 Qf6 30. Rc7 Rd4 31. Re4 Qf1+ 32. Kh2 Rxd3 33. Rc8+ Bxc8 34. Re8+ Kg7 35. Qe5+ Qf6 36. Rg8+ Kxg8 37. Qxf6 Be6 38. Qe5 Rd5 39. Qb8+ Kg7 40. Qb2+ Kf8 41. Qb8+ Ke7 42. Qb7+ Bd7 43. Qb4+ Ke8 44. Qe4+ Be6 45. Qa4 Kd7 46. Qa7+ Kd6 47. Qa3+ c5 48. Qa6+ Ke5 49. Qe2+ Kd4 50. Qf2+ Kc3 51. Qe3+ Kb4 52. Qe1+ Kb5 53. Qb1+ Kc6 54. Qe4 h5 55. Qa4+ Kb6 56. Qb3+ Kc7 57. Qa3 c4 58. Qa7+ Kc6 59. Qa4+ Kc5 60. Qa5+ Kd6 61. Qb4+ Rc5 62. Qd2+ Kc6 63. Qc3 Bf5 64. Qf6+ Kb5 65. Qc3 Bd3 66. Qb2+ Kc6 67. Qc3 Bf5 68. Qf6+ Kd5 69. Qc3 Be6 70. Qf3+ Kd6 71. Qc3 g5 72. Kg3 gxh4+ 73. Kxh4 Rf5 74. Qd4+ Ke7 75. Qc3 Kd7 76. Kg3 Kc6 77. Kh2 Rc5 78. Qf3+ Kb5 79. Qc3 h4 80. Qb2+ Kc6 81. Qc3 h3 82. gxh3 Rh5 83. Qf3+ 1-0

[Event "GER-ch blitz"]
[Site "Magdeburg"]
[Date "2022.08.21"]
[Round "26"]
[White "Frischmann, Rick"]
[Black "Zelbel, Patrick"]
[Result "1-0"]
[WhiteElo "2369"]
[BlackElo "2493"]
[PlyCount "73"]
[EventDate "2022.08.21"]
[EventType "tourn (blitz)"]
[EventRounds "29"]
[EventCountry "GER"]
[EventCategory "5"]
[SourceTitle "CBM 210 Extra"]
[Source "ChessBase"]
[SourceDate "2022.11.30"]
[SourceVersion "1"]
[SourceVersionDate "2022.11.30"]
[SourceQuality "1"]

1. e4 c5 2. Nf3 e6 3. d4 cxd4 4. Nxd4 Nf6 5. Nc3 Nc6 6. Nxc6 bxc6 7. e5 Nd5 8. Ne4 Qc7 9. f4 Qb6 10. c4 Bb4+ 11. Ke2 f5 12. exf6 Nxf6 13. Be3 Qd8 14. Nd6+ Bxd6 15. Qxd6 Bb7 16. Rg1 Rc8 17. g4 c5 18. Rd1 Qc7 19. Qxc7 Rxc7 20. g5 Ne4 21. Bg2 h6 22. gxh6 Rxh6 23. Bxe4 Bxe4 24. Rxg7 Rxh2+ 25. Bf2 Rh3 26. Rdg1 Bd3+ 27. Kd2 Bxc4 28. b3 Bd5 29. Rc1 Rh2 30. Ke3 c4 31. bxc4 Rxc4 32. Rb1 Kf8 33. Rxd7 Re4+ 34. Kd3 Ke8 35. Rxa7 Rh3+ 36. Kd2 Bb7 37. Rbxb7 1-0

[Event "GER-ch blitz"]
[Site "Magdeburg"]
[Date "2022.08.21"]
[Round "13"]
[White "Gauglitz, Gernot"]
[Black "Zelbel, Patrick"]
[Result "1-0"]
[WhiteElo "2371"]
[BlackElo "2493"]
[PlyCount "59"]
[EventDate "2022.08.21"]
[EventType "tourn (blitz)"]
[EventRounds "29"]
[EventCountry "GER"]
[EventCategory "5"]
[SourceTitle "CBM 210 Extra"]
[Source "ChessBase"]
[SourceDate "2022.11.30"]
[SourceVersion "1"]
[SourceVersionDate "2022.11.30"]
[SourceQuality "1"]

1. d4 Nf6 2. Nf3 e6 3. c4 c5 4. Nc3 d5 5. g3 cxd4 6. Nxd4 e5 7. Ndb5 d4 8. Nb1 a6 9. N5a3 Bd7 10. Bg2 Bc6 11. 0-0 Be7 12. f3 0-0 13. e4 b5 14. Nd2 Nbd7 15. Nc2 Nc5 16. Nb4 Bd7 17. Nd5 Nxd5 18. cxd5 f5 19. exf5 Bxf5 20. f4 Bd3 21. fxe5 Bxf1 22. Nxf1 Rc8 23. d6 Bg5 24. Qxd4 Kh8 25. Qd5 Qb6 26. Bxg5 Nd3+ 27. Be3 Rxf1+ 28. Kxf1 Rf8+ 29. Ke2 Rf2+ 30. Kxd3 1-0

[Event "GER-ch blitz"]
[Site "Magdeburg"]
[Date "2022.08.21"]
[Round "18"]
[White "Schneider, Ilja"]
[Black "Zelbel, Patrick"]
[Result "1/2-1/2"]
[WhiteElo "2525"]
[BlackElo "2493"]
[PlyCount "102"]
[EventDate "2022.08.21"]
[EventType "tourn (blitz)"]
[EventRounds "29"]
[EventCountry "GER"]
[EventCategory "5"]
[SourceTitle "CBM 210 Extra"]
[Source "ChessBase"]
[SourceDate "2022.11.30"]
[SourceVersion "1"]
[SourceVersionDate "2022.11.30"]
[SourceQuality "1"]

1. e4 c5 2. Nc3 e6 3. Nf3 Nc6 4. Bb5 Nd4 5. 0-0 a6 6. Bd3 Nc6 7. Nd5 Bd6 8. Ne3 Nf6 9. c3 Bc7 10. Bc2 d5 11. exd5 exd5 12. d4 cxd4 13. Nxd4 0-0 14. Re1 Qd6 15. g3 g6 16. Ng2 Bg4 17. Qd3 Bb6 18. Bf4 Qd7 19. Ne3 Nxd4 20. Nxg4 Qxg4 21. cxd4 Qh3 22. Bd1 Ng4 23. Bxg4 Qxg4 24. Rad1 Rfe8 25. Be5 Qd7 26. Qb3 Re6 27. Re3 Rae8 28. Rde1 Ba5 29. R1e2 Bd8 30. Kg2 f6 31. Bf4 Rxe3 32. Rxe3 Rxe3 33. Bxe3 Kg7 34. a4 Be7 35. Qc2 Qc6 36. Qxc6 bxc6 37. Kf3 Kf7 38. Ke2 Ke6 39. g4 f5 40. f3 fxg4 41. fxg4 Bb4 42. Kd3 Be1 43. h3 h5 44. b3 Bb4 45. Ke2 Bd6 46. Kf3 Bf8 47. Bf4 Bg7 48. Be3 Bf8 49. Bf2 Bg7 50. Be3 Bf8 51. Bf2 Bg7 1/2-1/2

[Event "GER-ch blitz"]
[Site "Magdeburg"]
[Date "2022.08.21"]
[Round "6"]
[White "Zelbel, Patrick"]
[Black "Abel, Dennes"]
[Result "1-0"]
[WhiteElo "2493"]
[BlackElo "2476"]
[PlyCount "109"]
[EventDate "2022.08.21"]
[EventType "tourn (blitz)"]
[EventRounds "29"]
[EventCountry "GER"]
[EventCategory "5"]
[SourceTitle "CBM 210 Extra"]
[Source "ChessBase"]
[SourceDate "2022.11.30"]
[SourceVersion "1"]
[SourceVersionDate "2022.11.30"]
[SourceQuality "1"]

1. e4 c6 2. Nf3 d5 3. Nc3 dxe4 4. Nxe4 Nf6 5. Nxf6+ exf6 6. Bc4 Bd6 7. Qe2+ Be7 8. 0-0 0-0 9. Re1 Bd6 10. h3 Nd7 11. d4 Nb6 12. Bd3 Bd7 13. c4 Re8 14. Qc2 Rxe1+ 15. Nxe1 Bb4 16. Nf3 g6 17. a3 Bf8 18. Bd2 Be6 19. Rd1 Qc7 20. Be3 Rd8 21. b3 Bxa3 22. Ra1 Bf8 23. Rxa7 Nc8 24. Ra8 Nd6 25. Rxd8 Qxd8 26. Bd2 Bg7 27. Bc3 f5 28. Qe2 h6 29. Bb4 f4 30. Ne5 Nf5 31. Bxf5 Bxf5 32. Bc3 Qd6 33. Qe1 g5 34. Qe2 Qa3 35. Qb2 Qa7 36. Nf3 Be4 37. Nd2 Bd3 38. d5 Bf8 39. Bd4 Qa5 40. Bc3 Qc5 41. Bd4 Qd6 42. Be5 Qd7 43. Qd4 Bf5 44. d6 b6 45. b4 Be6 46. c5 b5 47. Ne4 Qd8 48. Bf6 Qc8 49. h4 Bf5 50. hxg5 hxg5 51. Nxg5 Qd7 52. Qxf4 Bg6 53. Be5 Bf5 54. Qh4 f6 55. Bxf6 1-0